|
|
|
|
| LEADER |
00000nab a2200000 a 4500 |
| 001 |
vtls010667304 |
| 003 |
SK-MaSNL |
| 005 |
20260318115139.0 |
| 008 |
150415c2015 xo wr p 000 c0ukr |
| 015 |
|
|
|a SNBRB2015/04
|
| 038 |
|
|
|a SVKPOCL
|
| 040 |
|
|
|a SVKPOCL
|b slo
|c SVKPOCL
|e AACR2
|
| 041 |
0 |
|
|a ukr
|
| 044 |
|
|
|a xo
|c SK
|
| 080 |
|
|
|a 80(=16)+908(4)
|2 2001
|
| 080 |
|
|
|a 80(=161.2)+908(477)
|2 2001
|
| 080 |
|
|
|a 316.022.4(=161.25)(100):061.2
|2 2001
|
| 080 |
|
|
|a 061.2
|2 2001
|
| 100 |
1 |
|
|a Medviď, Peter,
|d 1981-
|4 aut
|9 268505
|
| 245 |
1 |
0 |
|a Klub na zaplakanja
|c Petro Medviď
|
| 500 |
|
|
|a Medviď, Petro pozri Medviď, Peter
|
| 610 |
2 |
7 |
|a Svetová rada Rusínov
|2 svkpocl
|9 1061689
|
| 650 |
0 |
7 |
|a Rusíni
|2 svkpocl
|9 4087
|
| 650 |
0 |
7 |
|a spolky
|2 svkpocl
|9 4725
|
| 650 |
0 |
7 |
|a slavistika
|2 svkpocl
|9 4282
|
| 650 |
0 |
7 |
|a ukrajinistika
|2 svkpocl
|9 51200
|
| 655 |
|
7 |
|a články z novín a časopisov
|2 svkpocl
|9 267496
|
| 655 |
|
7 |
|a kritické články
|2 svkpocl
|9 1096085
|
| 773 |
0 |
|
|t Nove žyttja
|g Roč. 65, č. 6 (2015), s. 3
|
| 852 |
|
|
|a SVKPO
|b KIS3GCP
|
| 958 |
|
|
|a UK
|
| 958 |
|
|
|a SK
|
| 958 |
|
|
|a SS
|
| 999 |
|
|
|c 3344690
|d 3346620
|